Szczegóły MARC21

Szczecińscy nauczyciele z frontu walki o polską szkołę : wspomnienia o nauczycielach tajnego nauczania w latach 1939-1945 /

003 -Nazwa inst., której nr kontr. jest w polu 001 [,]
    • @
    • Nazwa instytucji, której n kontrolny jest w polu 001
    • NUKAT
005 -DATA I CZAS OSTATNIEJ MODYFIKACJI [,]
    • @
    • pole kontrolne
    • 20241231091306.0
040 -Instytucja sporządzająca opis [ , ]
    • a
    • Instytucja, która sporządziła opis (NP)
    • KR U/GK
    • c
    • Instytucja, która sporządziła rekord (NP)
    • KR U/GK
    • d
    • Instytucja, która zmodyfikowała rekord (P)
    • KR U/ES
942 -Rodzaj dokumentu [ , ]
    • c
    • Rodzaj dokumentu
    • Książka
100 -Hasło główne - nazwa osobowa [1, ]
    • a
    • Nazwa osobowa (NP)
    • Abramczuk, Zofia
    • d
    • Daty biograficzne (NP)
    • (1921- ).
    • 9
    • KHW
    • 67064
245 -Strefa tytułu i oznaczenia odpowiedzialności [1,0]
    • a
    • Tytuł
    • Szczecińscy nauczyciele z frontu walki o polską szkołę : Find
    • b
    • Ciąg dalszy tytułu (NP)
    • wspomnienia o nauczycielach tajnego nauczania w latach 1939-1945 / Find
    • c
    • Pozostałe elementy strefy tytułu i oznaczenia odpowiedzialności (NP)
    • Zofia Abramczuk.
260 -Strefa adresu wydawniczego [ , ]
    • a
    • Miejsce wydania (P)
    • Szczecin :
    • b
    • Nazwa wydawcy (P)
    • [s.n.],
    • c
    • Data wydania (P)
    • 1996.
300 -Strefa opisu fizycznego [ , ]
    • a
    • Określenie formy książki i/lub objętość (NP)
    • 140 s. :
    • b
    • Oznaczenie ilustracji (NP)
    • il., err. ;
    • c
    • Format (NP)
    • 24 cm.
336 -Typ zawartości [ , ]
    • a
    • Termin opisujący typ zawartości
    • Tekst
    • b
    • Kod określający zawartość
    • txt
    • 2
    • Źródło (terminu i kodu)
    • rdacontent
337 -Typ mediów [ , ]
    • a
    • Tryb odtwarzania
    • Bez urządzenia pośredniczącego
    • b
    • Kod typu mediów
    • n
    • 2
    • Źródło (terminu i kodu)
    • rdamedia
338 -Typ/rodzaj nośnika [ , ]
    • a
    • Hasło opisujące typ nośnika
    • Wolumin
    • b
    • Kod typu nośnika
    • nc
    • 2
    • Źródło (terminu i kodu)
    • rdacarrier
506 -Uwaga dot. ograniczeń w rozpowszechnianiu [ , ]
    • a
    • Warunki rozpowszechniania
    • Na prawach rps.
080 -Uniwersalna Klasyfikacja Dziesiętna [ , ]
    • 2
    • Identyfikator wydania tablic
    • UDC-P058
    • 9
    • UKD
    • 3810
    • a
    • Symbol klasyfikacji
    • 37(091)
    • b
    • Dopowiedzenie
    • Historia wychowania, oświaty i pedagogiki.
    • 4
    • UKD2
    • 7642
    • x
    • Poddział wspólny
    • (438)
    • c
    • Dopowiedzenie poddz. wspólnego
    • (Polska).
    • 4
    • UKD2
    • 13307
    • x
    • Poddział wspólny
    • "1939/1945"
    • c
    • Dopowiedzenie poddz. wspólnego
    • Okres II wojny światowej.
080 -Uniwersalna Klasyfikacja Dziesiętna [ , ]
    • 2
    • Identyfikator wydania tablic
    • UDC-P058
    • 9
    • UKD
    • 48470
    • a
    • Symbol klasyfikacji
    • 929-052(438)
    • b
    • Dopowiedzenie
    • Biografie zbiorowe Polaków.
    • 4
    • UKD2
    • 13307
    • x
    • Poddział wspólny
    • "1939/1945"
    • c
    • Dopowiedzenie poddz. wspólnego
    • Okres II wojny światowej.
980 -Symbol UKD [ , ]
    • a
    • UKD
    • 37(091):929-052](438)"1939/1945"
Numer inwentarzowy Status udost. Data inwentaryzacji Lokalizacja Sygnatura
Z.9498411999-12-21BGZ.94984
H.848811999-12-21BNS 
Pd.13009-31999-12-21BNS